00311nam a2200121Ia 45000010005000000080041000050820019000461000018000652450036000832600028001199010027001479990015001741998241024s9999 xx 000 0 und d aRD/923.1/B533l aRobert Berroa 0aLeonel en la hoguera del tiempo bGráfica Williamc2006 a4/11/2011 3:19:53 p.m. c7663d7663